000 00718nam a2200265Ia 4500
005 20260121165820.0
008 008 260114s9999 xx 000 0 eng d
020 _a9783319242262
037 _aEBOOK
040 _aCRL
040 _beng
040 _cCRL
041 _2eng
041 _aeng
084 _qCRL
100 _aLambert B. McCarty, Lewis Ray Hubbard, Jr., Virgil Quisenberry
_91056379
245 0 _aApplied Soil Physical Properties, Drainage, and Irrigation Strategies.
260 _bSpringer
260 _bSpringer
260 _c2016
856 _uhttps://link.springer.com/openurl?genre=book&isbn=978-3-319-24226-2
942 _cEBOOK
999 _c1622107
_d1622107